[Event "16th IT Zenica 2012"]
[Site "Zenica"]
[Date "2012.11.17"]
[Round "8.4"]
[White "Goric, Esad"]
[Black "Drazic, Sinisa"]
[Result "1/2-1/2"]
[WhiteElo "2344"]
[BlackElo "2488"]
[PlyCount "57"]
[EventDate "2012.11.12"]

1. Nf3 Nf6 2. b3 e6 3. Bb2 c5 4. e3 b6 5. Be2 Be7 6. d4 Bb7 7. c4 O-O 8. Nc3 d5
9. O-O Nbd7 10. Rc1 Rc8 11. cxd5 Nxd5 12. Nxd5 Bxd5 13. Ba6 Rc7 14. Qe2 Bxf3
15. Qxf3 cxd4 16. Bxd4 Bf6 17. Bxf6 Nxf6 18. g3 h5 19. Qe2 g6 20. Rfd1 Rxc1 21.
Rxc1 Qe7 22. Qb2 Rd8 23. Be2 Ne4 24. Qe5 Nc5 25. b4 Nd3 26. Bxd3 Rxd3 27. Rc8+
Rd8 28. Rxd8+ Qxd8 29. h4 1/2-1/2

[Event "16th IT Zenica 2012"]
[Site "Zenica"]
[Date "2012.11.17"]
[Round "8.5"]
[White "Trkulja, Goran"]
[Black "Radic, Bojan"]
[Result "1/2-1/2"]
[WhiteElo "2388"]
[BlackElo "2193"]
[PlyCount "154"]
[EventDate "2012.11.12"]

1. c4 Nf6 2. Nc3 c5 3. Nf3 g6 4. g3 Nc6 5. Bg2 d6 6. d4 cxd4 7. Nxd4 Bd7 8. O-O
Bg7 9. Nxc6 Bxc6 10. e4 O-O 11. Qe2 a5 12. Be3 Nd7 13. Rac1 a4 14. Rfd1 Qa5 15.
Nd5 Bxd5 16. Rxd5 Qa6 17. Rb5 Rac8 18. Bh3 e6 19. f4 Qc6 20. Bg2 Qc7 21. Qc2
Nc5 22. e5 b6 23. exd6 Qxd6 24. Rd1 Qc7 25. b4 axb3 26. axb3 Rfd8 27. Rxd8+
Qxd8 28. Qd2 Qxd2 29. Bxd2 Bd4+ 30. Kf1 Na6 31. Ke2 Nc7 32. Rb4 Bc5 33. Ra4 b5
34. cxb5 Nxb5 35. b4 Bg1 36. Ra8 Rxa8 37. Bxa8 Kf8 38. h3 Ke7 39. Kd3 Kd7 40.
g4 f6 41. Bf3 Kd6 42. g5 fxg5 43. fxg5 Bf2 44. Ke4 Nd4 45. Bd1 Nf5 46. Bf4+ Ke7
47. Ba4 Nd6+ 48. Kd3 Nf7 49. b5 e5 50. Bd2 Nd6 51. Ke2 Bb6 52. Bb4 Kd7 53. Kf3
e4+ 54. Kf4 e3 55. Kf3 Nf5 56. Be1 Kd6 57. h4 Kc5 58. Kf4 Bc7+ 59. Kg4 e2 60.
Kf3 Nd4+ 61. Ke3 Kc4 62. Bf2 Ba5 63. b6 Bxb6 64. Be8 Kc3 65. Be1+ Kc2 66. Ba4+
Kb2 67. Kd3 Kc1 68. Bd2+ Kb1 69. Bd7 Nf3 70. Kxe2 Nxh4 71. Be6 Kc2 72. Bg8 Nf5
73. Bf4 Nd4+ 74. Kf1 Kd3 75. Bxh7 Ke4 76. Bc1 Kf5 77. Be3 Bc5 1/2-1/2

[Event "16th IT Zenica 2012"]
[Site "Zenica"]
[Date "2012.11.18"]
[Round "9.1"]
[White "Radic, Bojan"]
[Black "Martinovic, Slobodan"]
[Result "1/2-1/2"]
[WhiteElo "2193"]
[BlackElo "2430"]
[PlyCount "24"]
[EventDate "2012.11.12"]

1. e4 e5 2. Nf3 Nf6 3. Nxe5 Nxe4 4. d4 d5 5. Bd3 Be7 6. O-O O-O 7. c4 c6 8. Nc3
Nxc3 9. bxc3 dxc4 10. Bxc4 Bg4 11. Qd3 Nd7 12. Bf4 Bh4 1/2-1/2